Catálogo público

Agricultura ecológica / (Record no. 205833)

MARC details
000 -CABECERA
campo de control de longitud fija 00670nam a2200265Ia 4500
001 - NÚMERO DE CONTROL
campo de control Para_9064
003 - IDENTIFICADOR DEL NÚMERO DE CONTROL
campo de control CHAP
008 - DATOS DE LONGITUD FIJA--INFORMACIÓN GENERAL
campo de control de longitud fija 220125s2001 xx 000 0 und d
010 ## - NÚMERO DE CONTROL DE LA BIBLIOTECA DEL CONGRESO
Número de control de LC 205833
040 ## - FUENTE DE LA CATALOGACIÓN
Centro/agencia transcriptor CHAP
082 ## - NÚMERO DE LA CLASIFICACIÓN DECIMAL DEWEY
Número de clasificación PA 631.584 L3y
100 ## - ENTRADA PRINCIPAL--NOMBRE DE PERSONA
Nombre de persona Lampkin, Nicolás
9 (RLIN) 64602
245 ## - MENCIÓN DE TÍTULO
Título Agricultura ecológica /
Mención de responsabilidad, etc. por Nicolás Lampkin
250 ## - MENCIÓN DE EDICIÓN
Mención de edición reimpresion
260 ## - PUBLICACIÓN, DISTRIBUCIÓN, ETC.
Lugar de publicación, distribución, etc. Madrid :
Nombre del editor, distribuidor, etc. Mundi Prensa
300 ## - DESCRIPCIÓN FÍSICA
Extensión 729 p.
650 ## - PUNTO DE ACCESO ADICIONAL DE MATERIA--TÉRMINO DE MATERIA
Término de materia o nombre geográfico como elemento de entrada Ecología agrícola
9 (RLIN) 35165
901 ## - ELEMENTOS DE DATOS A LOCAL LDA (RLIN)
a PA 631.584 L3Y
902 ## - ELEMENTOS DE DATOS B LOCAL, LDB (RLIN)
a A
905 ## - ELEMENTOS DE DATOS E LOCAL, LDE (RLIN)
a 0000002001 amn 0000000000sp 00
910 ## - DATOS DE OPCIÓN DEL USUARIO (OCLC)
Datos de opción del usuario 2001
942 ## - ELEMENTOS DE PUNTO DE ACCESO ADICIONAL (KOHA)
Tipo de ítem Koha Parasitologia_
942 ## - ELEMENTOS DE PUNTO DE ACCESO ADICIONAL (KOHA)
Tipo de ítem Koha Parasitologia_
-- 1
Holdings
Estado de retiro Estado de pérdida Fuente del sistema de clasificación o colocación Estado dañado Restricciones de uso No para préstamo Código de colección Localización permanente Ubicación/localización actual Fecha de adquisición Número de inventario Total de préstamos Signatura topográfica completa Código de barras Fecha visto por última vez Fecha del último préstamo Número de copia Precio válido a partir de Tipo de ítem Koha Nota pública
    Dewey Decimal Classification   Préstamo 3 días   General Parasitologia Agricola Parasitologia Agricola 18/04/2006 (PA_8932) (No. UACh C/E) 2 PA 631.584 L3y 4102001638 27/05/2024 22/05/2024 Ej.2 25/01/2022 Libro 3
    Dewey Decimal Classification   Préstamo interno   General Parasitologia Agricola Parasitologia Agricola 17/11/2005 (PA_8848) (No. UACh C/E)   PA 631.584 L3y 4102001637 25/01/2022   Ej.1 25/01/2022 Libro 3